000 00300nam a2200121Ia 4500
008 190216s9999||||xx |||||||||||||| ||und||
100 _aSaksena Sp
245 0 _aSelected Short Stories
260 _bGeorge Allen & Unwin Ltd
_c1969
300 _a106p
650 _aEnglish Short Stories
942 _cBK
999 _c12547
_d12547